000 00500nam a2200181Ia 4500
001 3537
005 20260306145650.0
008 260306t2017||||xx |||||||||||||| ||spa||
041 _aESP
082 _a288.4
_bF43
100 _aFerrara, Christopher A.
_eAUT
245 0 _aLa iglesia y el liberalismo:
_b¿Es compatible la enseñanza social católica con la Escuela Austriaca?
260 _c2017
300 _a559 páginas :
_c24 cm.
650 _aGEN
654 _aCHU
942 _cLIB
_dJUS
_fJUS
_2ddc
_n
999 _c3537
_d3537